000 00714nam a2200253Ia 4500
003 OSt
005 20220926011153.0
006 a|||||r|||| 00| 0
007 ta
008 220923b |||||||| |||| 00| 0 eng d
037 _cGeneral Book
040 _aRTL
_cRTL
_beng
041 _2eng
_aeng
082 _aX:8F, L7;M5
100 _aGranof Michael H
245 0 _aFinancial accounting
_b Principles and issues
250 _a3ed
260 _aNew Jersey
_bPrentice-hall
_c1985
300 _a716p. Appendix p 699-708
_ccm.
490 _aPrentice hall series in accounting
650 _aBudgeting
942 _hX:8F, L7;M5
_cGB
_2CC
999 _c619266
_d619266